Statistics for Countries That Hate American Leadership the Most

Click here to take the quiz!

General Stats

  • This quiz has been taken 489 times
  • The average score is 4 of 10

Answer Stats

RankDissaproval Rating (%)Country% Correct
182.0Russia
91%
661.0Iran
86%
565.0Pakistan
65%
758.0Egypt
53%
369.0Belarus
41%
466.0Lebanon
39%
272.0Palestinian Territories
31%
954.0Tajikistan
13%
855.0Austria
10%
1054.0Slovenia
8%

Score Distribution

Percentile by Number Answered

Percent of People with Each Score

Your Score History

You have not taken this quiz